000 00654nam a2200253Ia 4500
003 OSt
005 20221007080700.0
006 a|||||r|||| 00| 0
007 ta
008 221006b |||||||| |||| 00| 0 eng d
020 _a394423518
024 _a16,888
037 _cTextual
040 _aFLL
_cFLL
_beng
041 _2eng
_aeng
082 _aY1:G:55:(Z73), L0
100 _aSax Joseph L.
_9695238
245 0 _aDefending the environment
250 _a1st
260 _aNew York
_bAlfred A. Knopf USA
_c1970
300 _a252p
_ccm.
942 _hY1:G:55:(Z73), L0
_cTEXL
_2CC
999 _c1160529
_d1160529